| 000 | 00764nam a2200241 i 4500 | ||
|---|---|---|---|
| 001 | 67343 | ||
| 003 | ES-MaACL | ||
| 005 | 20230906170040.0 | ||
| 007 | t| | ||
| 008 | 040519s2003 sp ||||0| spa d | ||
| 020 | _a84-8319-164-4 | ||
| 040 |
_aM-BN _bspa _cM-BN |
||
| 080 | _a316.4.063.3 | ||
| 080 | _a323.2 | ||
| 245 | 0 | 3 |
_aEl movimiento antiglobalización en su laberinto _b: entre la "nube de mosquitos" y la izquierda parlamentaria / _cRosa Bajo ... [et al.]. |
| 260 |
_aMadrid : _bLos Libros de la Catarata, _c[2003] |
||
| 300 |
_a247 p. ; _c20 cm. |
||
| 500 | _aEn el lomo: 159. | ||
| 650 | 4 |
_aGlobalización. _913125 |
|
| 650 | 1 | 4 |
_aMovimientos antiglobalización. _915220 |
| 700 | 1 |
_aBajo, Rosa. _924757 |
|
| 852 |
_aES-MaACL _jL-27609 _bR.133292 |
||
| 999 |
_c67343 _d67343 |
||